| 000 | 01189nam a2200385Ia 4500 | ||
|---|---|---|---|
| 001 | dia_6526 | ||
| 003 | CHAP | ||
| 005 | 20230316100423.0 | ||
| 008 | 220117s2015 xx 000 0 und d | ||
| 010 | _a177598 | ||
| 020 | _a978-84-943451-2-8 | ||
| 040 | _cCHAP | ||
| 082 | _a663.207 C46 2015 | ||
| 100 |
_aCenzano, Javier M. _9161625 |
||
| 245 |
_aVinificación de blancos y rosados / _c Javier M. Cenzano y Inma C. Castillo |
||
| 260 |
_aEspaña : _b AMV Ediciones, _c2015 |
||
| 300 | _a203 p. | ||
| 503 | _aC. | ||
| 590 | _aTP559.S6 C46 2015 | ||
| 650 |
_aRed wines _9153189 |
||
| 650 |
_aUvas de vino _xVariedades _xEspaña _9161626 |
||
| 650 |
_aVinificación _9151244 |
||
| 650 |
_aVinos blancos _9161627 |
||
| 650 |
_aVinos tintos _9153190 |
||
| 650 |
_aViticultura _xEspaña _9120055 |
||
| 650 |
_aViticulture _xSpain _9153184 |
||
| 650 |
_aWhite wines _9161628 |
||
| 650 |
_aWine grapes _xVarieties _xSpain _9161629 |
||
| 650 |
_aWinemaking _9151246 |
||
| 700 |
_aCastillo, Inma C., coaut. _9161630 |
||
| 901 | _a663.207 C46 2015 | ||
| 902 | _aA | ||
| 905 | _a5232272015 sp adin8222223322spa16 | ||
| 942 |
_cLIBRO _2ddc |
||
| 999 |
_c177598 _d177598 |
||